| 000 | 00340nam a2200145Ia 4500 | ||
|---|---|---|---|
| 008 | 230917s9999||||xx |||||||||||||| ||und|| | ||
| 040 |
_e111606 _aMAIN |
||
| 041 | _aEnglish | ||
| 082 | _a346.03 S31L | ||
| 100 | _aHeuston, R. F.V. | ||
| 245 | 0 | _aLaw of torts | |
| 250 | _a20th ed. | ||
| 260 |
_aDelhi _bUniversal Law _c1992 |
||
| 942 | _cBK | ||
| 999 |
_c135196 _d135196 |
||